000 00709nam a22001937a 4500
005 20250303103444.0
008 211013b mx ||||| |||| 00| 0 spa d
020 _a9686173897 (obra completa)
020 _a9686173900 (tomo I)
020 _a9686173919 (tomo II)
050 0 4 _aF1346.5
_bS66 1989
245 0 0 _aSonora :
_btextos de su historia /
_cMario Cuevas Arámburu, compilador.
250 _aPrimera edición.
260 _aSonora, México :
_bGobierno del Estado de Sonora;
_bInstituto de Investigaciones Dr. José María Luis Mora,
_c1989.
300 _a2 t. ;
_c21 cm.
651 7 _2lemb
_aSonora
_xHistoria
_vFuentes
700 1 _aCuevas Arámburu, Mario,
_ecompilador.
942 _2lcc
_cLIB
999 _c158004
_d158002